Państwa z najgorszym systemem opieki zdrowotnej na świecie - Statystyki

Ogólne statystyki
  • Ten quiz został rozwiązany 25 razy
  • Średni wynik to 9 z 15
Statystyki odpowiedzi
Wynik Państwo % Poprawnych
50.90 Demokratyczna Republika Konga
82%
35.69 Sudan Południowy
82%
39.17 Czad
77%
50.91 Afganistan
68%
50.12 Nigeria
64%
31.95 Republika Środkowoafrykańska
64%
44.38 Somalia
64%
48.65 Gwinea
55%
50.87 Gwinea Bissau
55%
41.30 Lesotho
55%
48.43 Eswatini
45%
48.64 Liberia
45%
49.88 Angola
41%
50.41 Gwinea Równikowa
36%
48.26 Sierra Leone
36%
Nie znaleziono quizów pasujących do podanych kryteriów
Rozkład punktacji
Procent ludzi z każdym wynikiem
Percentyl według liczby udzielonych odpowiedzi
Twoja historia wyników
Nie rozwiązałeś tego quizu